[Event "TCh-FRA Top 12 2012"]
[Site "Belfort FRA"]
[Date "2012.06.03"]
[Round "4.6"]
[White "Llanes Hurtado,M"]
[Black "So,W"]
[Result "1/2-1/2"]
[WhiteElo "2480"]
[BlackElo "2653"]

1.Nf3 d5 2.c4 d4 3.b4 f6 4.e3 e5 5.c5 Nc6 6.b5 Nb4 7.Qb3 Bxc5 8.Bc4 Bf5 9.e4 Bxe4
10.Bxg8 Nc2+ 11.Ke2 Qd7 12.Be6 d3+ 13.Kf1 Qd6 14.Bb2 Bg6 15.Qd5 Qxd5 16.Bxd5 O-O-O  1/2-1/2

[Event "TCh-FRA Top 12 2012"]
[Site "Belfort FRA"]
[Date "2012.06.03"]
[Round "4.3"]
[White "Ragger,M"]
[Black "Postny,E"]
[Result "1-0"]
[WhiteElo "2670"]
[BlackElo "2651"]

1.Nf3 d5 2.c4 dxc4 3.e3 Nf6 4.Bxc4 e6 5.O-O a6 6.Qe2 b5 7.Bb3 Nbd7 8.Rd1 Bb7
9.a4 Nc5 10.Bc2 Nxa4 11.Bxa4 bxa4 12.d4 c5 13.Nc3 Qc7 14.Rxa4 cxd4 15.Rc4 Qb8
16.Qc2 Bd6 17.Qa4+ Ke7 18.Rcxd4 Bxf3 19.gxf3 Rd8 20.Kg2 Qb6 21.b3 Bc5 22.Ba3 Bxa3
23.Qxa3+ Ke8 24.Qa4+ Ke7 25.Qa3+ Ke8 26.Rxd8+ Rxd8 27.Rxd8+ Kxd8 28.Qf8+ Ne8
29.Qxf7 Qxb3 30.Ne2 Qb1 31.Nf4 Nc7 32.Qf8+ Kd7 33.Qxg7+ Kc6 34.e4 a5 35.Qc3+ Kb6
36.Qd4+ Kb7 37.Nxe6 Nxe6 38.Qd5+ Kc7 39.Qxe6 Qb6 40.Qe7+ Kc8 41.f4 Qc7 42.Qe6+ Qd7
43.Qa6+ Qb7 44.Qe2 Qc6 45.f5 a4 46.Qg4 Kb7 47.Qf3 Qf6 48.e5+ Qc6 49.f6 Qxf3+
50.Kxf3 a3 51.f7 a2 52.f8=Q a1=Q 53.Qg7+ Kc6 54.Qf6+ Kb7 55.Kg2 Qd4 56.Qf3+ Kc7
57.e6 Kd6 58.e7 Kxe7 59.Qe3+ Qxe3 60.fxe3 Ke6 61.Kf3 Kf5 62.e4+ Ke5 63.Ke3 Ke6
64.Kf4 Kf6 65.h3 Ke6 66.h4 Kf6 67.h5  1-0

[Event "Server24Chess 2012"]
[Site "Val Gardena ITA"]
[Date "2012.06.03"]
[Round "2"]
[White "Petkov,V"]
[Black "Dittmar,P"]
[Result "1/2-1/2"]
[WhiteElo "2512"]
[BlackElo "2297"]

1.Nf3 d5 2.c4 d4 3.b4 Bg4 4.Bb2 Bxf3 5.exf3 e5 6.c5 a5 7.a3 axb4 8.axb4 Rxa1
9.Bxa1 Be7 10.Bc4 Nh6 11.O-O O-O 12.Qb3 c6 13.Re1 Nd7 14.Na3 b6 15.cxb6 Qxb6
16.Nc2 Bf6 17.Bb2 Nf5 18.Ra1 Nd6 19.g3 Qb7 20.Bf1 Ra8 21.Rxa8+ Qxa8 22.Na3 Nb6
23.Qc2 Nd5 24.b5 Nxb5 25.Nxb5 cxb5 26.Bxb5 g6 27.Bc4 Nb6 28.Be2 Qa2 29.Kg2 Kg7
30.Qc1 Qe6 31.Qc7 Qb3 32.Qc1 Qe6 33.h4 h5 34.Bd3 Qb3 35.Bc2 Qc4 36.Qb1 Qb4
37.Qc1 Nc4 38.Ba1 Qxd2 39.Qxd2 Nxd2 40.Bd3 Kf8 41.Bb2 Be7 42.Bc1 Bb4 43.Bxd2 Bxd2
44.Kf1 Kg7 45.Ke2 Bc1 46.Kd1 Ba3 47.Ke2 f5 48.Bb5 Bb4 49.Kd3 Kf7 50.Bc6 Be1
51.Ke2 Ba5 52.Kd3 Bd8 53.Bb5 Bb6 54.Bd7 Ke7 55.Bb5 Kf6 56.Be8 Ba5 57.Ke2 Bb6
58.Kd3 Ba7 59.Bd7 Ke7 60.Bb5 Bc5 61.Bc6 Ba3 62.Bb5 Bc1 63.Bc6 Bh6 64.Bb7 g5
65.hxg5 Bxg5 66.Bc8 Kf6 67.Bd7 Bc1 68.Be8 Kg5 69.Bf7 Ba3 70.Be8 Bc5 71.Bb5 h4
72.gxh4+ Kxh4 73.Bc6 Kg5 74.Bb7 Kf4 75.Bc6 Be7 76.Bb7 Bh4 77.Ke2 e4 78.fxe4 fxe4
79.f3 exf3+ 80.Bxf3 d3+ 81.Kxd3  1/2-1/2

[Event "XXVII Felix Cup 2012"]
[Site "Baile Felix ROU"]
[Date "2012.06.04"]
[Round "6.8"]
[White "Grunberg,M"]
[Black "Szabo,E"]
[Result "1-0"]
[WhiteElo "2433"]
[BlackElo "1967"]

1.Nf3 d5 2.c4 e6 3.g3 c6 4.Bg2 f5 5.O-O Nf6 6.b3 Bd6 7.d4 Qe7 8.Bf4 Nbd7
9.Qc2 Ne4 10.Nbd2 O-O 11.c5 Bb8 12.Bxb8 Rxb8 13.b4 e5 14.Nxe5 Nxe5 15.dxe5 Qxe5
16.Nf3 Qe7 17.e3 Bd7 18.Rfc1 Rf6 19.Qb2 Re8 20.a4 a6 21.Qd4 Qe6 22.Bf1 g5
23.Rab1 f4 24.exf4 gxf4 25.Bg2 fxg3 26.fxg3 Qe7 27.Re1 Qg7 28.b5 axb5 29.axb5 Ref8
30.bxc6 Bxc6 31.Ne5 Re8 32.Bxe4 dxe4 33.Qc4+ Kh8 34.Nxc6 Rxc6 35.Rxe4 Rxe4
36.Qxe4 Rxc5 37.Rxb7 Rc1+ 38.Kg2 Rc2+ 39.Kh3 Qh6+ 40.Kg4  1-0

[Event "FSIMA June 2012"]
[Site "Budapest HUN"]
[Date "2012.06.04"]
[Round "3.2"]
[White "Galyas,M"]
[Black "To,N"]
[Result "1/2-1/2"]
[WhiteElo "2403"]
[BlackElo "2298"]

1.Nf3 d5 2.c4 c6 3.e3 Nf6 4.Nc3 e6 5.b3 Nbd7 6.Bb2 Bd6 7.Qc2 O-O 8.Rg1 a6
9.g4 b5 10.g5 Ne8 11.h4 bxc4 12.bxc4 f5 13.Nd4 Ne5 14.cxd5 cxd5 15.f4 Nc4
16.Bxc4 dxc4 17.Nce2 Qc7 18.Rc1 Rb8 19.Kf2 Bd7 20.Nf3 Bc6 21.Ne5 Bd5 22.Nc3 Bxe5
23.Nxd5 Rxb2 24.Nxc7 Rxc2 25.Rxc2 Bxc7 26.Rxc4 Rf7 27.Rc6 Rd7 28.Ke2 Kf7
29.Rxa6 e5 30.fxe5 Bxe5 31.h5 g6 32.Rh1 Nd6 33.hxg6+ hxg6 34.d3 Nb5 35.d4 Bg7
36.Kd3 Nd6 37.Rc1 Bf8 38.Rac6 Ke6 39.a4 Ra7 40.Ra1 Be7 41.a5 Kd7 42.Rc2 Bxg5
43.a6 Be7 44.Rh2 g5 45.Rh7 g4 46.Ra5 Nc8 47.Rg7 Ke6 48.Rg6+ Bf6 49.Rg8 Nd6
50.Rb8 Kd7 51.Rg8 Ke6 52.Ra1 Kd5 53.Rg6 Ke6 54.Rh6 g3 55.Rhh1 Ne4 56.Rhb1 Bd8
57.Rb8 Bc7 58.Rg8 Kf7 59.Rc8 Bd6 60.Rcc1 Ke6 61.Rg1 Bc7 62.Kc4 Kd6 63.Rh1 Kc6
64.d5+ Kd7 65.Rh7+ Kd8 66.Rg7 Bb6 67.Rg8+ Kd7 68.Ra3 Bc5 69.Rb3 Nd2+ 70.Kxc5 Nxb3+
71.Kb6 Rxa6+ 72.Kxa6 Kd6 73.Rxg3 Kxd5 74.Kb5 Nd2 75.Rg7 Ke4 76.Re7+ Kd3 77.Re5 Ne4
78.Kc6 Kxe3 79.Rxf5 Kd4 80.Ra5 Nc3 81.Kd6 Ne4+ 82.Ke6 Nc5+ 83.Rxc5 Kxc5  1/2-1/2

[Event "1st Grand Europe Open"]
[Site "Golden Sands BUL"]
[Date "2012.06.04"]
[Round "1.52"]
[White "Blomqvist,E"]
[Black "Ojagverdiyev,Z"]
[Result "1-0"]
[WhiteElo "2454"]
[BlackElo "2056"]

1.Nf3 d5 2.c4 c6 3.g3 Nf6 4.Bg2 g6 5.b3 Bg7 6.Bb2 O-O 7.O-O Ne4 8.Qc2 Bxb2
9.Qxb2 Nd7 10.d3 Nef6 11.Nbd2 Re8 12.Rac1 e5 13.cxd5 Nxd5 14.a3 Qe7 15.Rfe1 f6
16.d4 e4 17.Nxe4 Qxe4 18.Ne5 Qf5 19.e4 Qg5 20.h4 Qh6 21.Nxd7 Bxd7 22.exd5 Rxe1+
23.Rxe1 Re8 24.Rxe8+ Bxe8 25.Qc3 Qf8 26.dxc6 bxc6 27.Bxc6 Bxc6 28.Qxc6 Qxa3
29.d5 Qxb3 30.d6 Qe6 31.Qa8+ Kf7 32.Qxa7+ Kf8 33.Qxh7 Qxd6 34.Qxg6 Qd1+ 35.Kg2 Qd5+
36.f3 f5 37.Qf6+ Ke8 38.h5 Qd2+ 39.Kh3 Qd3 40.f4 Qd5 41.Qe5+ Qxe5 42.fxe5 Kf7
43.h6  1-0

[Event "Victory Day 2012"]
[Site "Moscow RUS"]
[Date "2012.06.04"]
[Round "4.4"]
[White "Mozharov,M"]
[Black "Stukopin,A"]
[Result "1/2-1/2"]
[WhiteElo "2493"]
[BlackElo "2502"]

1.Nf3 d5 2.c4 c6 3.d4 Nf6 4.e3 e6 5.b3 Ne4 6.Bb2 Bb4+ 7.Nbd2 Qf6 8.Qe2 dxc4
9.bxc4 c5 10.g3 Nc3 11.Bxc3 Bxc3 12.O-O-O cxd4 13.Ne4 Qe7 14.c5 O-O 15.exd4 Ba5
16.Ne5 Bc7 17.Bg2 Bxe5 18.dxe5 Nd7 19.Rd6 Nxe5 20.f4 Nc6 21.g4 f5 22.gxf5 exf5
23.Nc3 Qxe2 24.Nxe2 Re8 25.Nc3 Be6 26.Rxc6 bxc6 27.Bxc6 Bf7 28.Bxa8 Rxa8
29.Re1 Re8 30.Rxe8+ Bxe8 31.Kd2 Kf7 32.Ke3 Ke6 33.Kd4 Bc6 34.a3 h6 35.h4 g5
36.fxg5 hxg5 37.hxg5 f4 38.Ne2 f3 39.Nf4+ Kf5 40.Ke3 f2 41.Kxf2 Kxf4 42.g6 Ke5
43.g7 Bd5 44.Ke3 Bg8 45.c6  1/2-1/2

[Event "1st Grand Europe Open"]
[Site "Golden Sands BUL"]
[Date "2012.06.05"]
[Round "2.20"]
[White "Manea,Al"]
[Black "Nabaty,T"]
[Result "0-1"]
[WhiteElo "2375"]
[BlackElo "2553"]

1.Nf3 d5 2.c4 dxc4 3.e3 b5 4.a4 b4 5.Bxc4 e6 6.Qe2 Nf6 7.O-O Bb7 8.d4 Be7
9.Nbd2 O-O 10.Nb3 a5 11.Ne5 Nbd7 12.Nxd7 Qxd7 13.Bd2 Rfb8 14.Bb5 Qd5 15.f3 Qxb3
16.Bc4 Qc2 17.e4 Qxb2 18.Qd3 Rd8 19.Be3 Qc3 20.Qe2 b3 21.Rab1 Rxd4 22.Rfc1 Rxc4
23.Rxc3 Rxc3 24.Qe1 Rd3 25.Bd2 Bc5+ 26.Kh1 Bb6 27.Bc3 Rad8 28.Bxf6 gxf6 29.h4 Kf8
30.e5 fxe5 31.Qxe5 Rd1+ 32.Rxd1 Rxd1+ 33.Kh2 Bg1+  0-1

[Event "1st Grand Europe Open"]
[Site "Golden Sands BUL"]
[Date "2012.06.05"]
[Round "2.53"]
[White "Keilhack,H"]
[Black "Solak,D"]
[Result "0-1"]
[WhiteElo "2256"]
[BlackElo "2586"]

1.Nf3 d5 2.c4 d4 3.b4 f6 4.e3 e5 5.c5 dxe3 6.fxe3 Be6 7.Bb2 Nc6 8.Bb5 a6
9.Bxc6+ bxc6 10.d4 e4 11.Nfd2 f5 12.O-O Nf6 13.Qe2 Nd5 14.a3 g6 15.Nc4 Bh6
16.Nbd2 O-O 17.Kh1 Qb8 18.Rab1 Qb5 19.Rfe1 f4 20.Rbc1 Nxe3 21.Nxe3 Qxe2 22.Rxe2 fxe3
23.Nxe4 Bc4  0-1

[Event "Asian Junior Open 2012"]
[Site "Tashkent UZB"]
[Date "2012.06.05"]
[Round "7.6"]
[White "Ismailov,M"]
[Black "Artemenko,O"]
[Result "0-1"]
[WhiteElo "2221"]
[BlackElo "2298"]

1.Nf3 d5 2.c4 dxc4 3.e3 Nf6 4.Bxc4 e6 5.b3 Be7 6.Bb2 O-O 7.O-O a6 8.Be2 c5
9.d3 b5 10.Nbd2 Bb7 11.Rc1 Nbd7 12.Qc2 Rc8 13.Qb1 Qb6 14.a3 Rfd8 15.Rfd1 h6
16.Qa1 Bf8 17.Ne5 Nxe5 18.Bxe5 Nd5 19.Bf1 Ne7 20.Rc2 Nf5 21.Rdc1 Qa7 22.a4 Qb6
23.axb5 axb5 24.Kh1 f6 25.Bb2 Rd7 26.b4 c4 27.dxc4 Bxb4 28.Bc3 Ra8 29.Ra2 Bxc3
30.Rxc3 Rad8 31.Rcc2 b4 32.Nb3 Bxg2+ 33.Kxg2 Qc6+ 34.Kg1 Rd1 35.Ra6 Qe4 36.Rc1 Qg4+
37.Kh1 Qf3+ 38.Kg1 Nh4 39.Rxd1 Qg4+ 40.Kh1 Rxd1  0-1

[Event "TCh-FRA Top 12 2012"]
[Site "Belfort FRA"]
[Date "2012.06.06"]
[Round "7.3"]
[White "Feller,S"]
[Black "Cornette,M"]
[Result "1/2-1/2"]
[WhiteElo "2640"]
[BlackElo "2552"]

1.Nf3 d5 2.c4 d4 3.g3 Nc6 4.Bg2 e5 5.d3 Nf6 6.O-O a5 7.e3 dxe3 8.Bxe3 Be7
9.Nc3 O-O 10.h3 Re8 11.d4 exd4 12.Nxd4 Nxd4 13.Bxd4 c6 14.Na4 Be6 15.b3 Ba3
16.Bb6 Qe7 17.Qd4 Nd7 18.Bc7 Rec8 19.Bf4 Rd8 20.Bc7 Rdc8 21.Bf4 Rd8 22.Qe3 h6
23.g4 Nc5 24.Nb6 Ra6 25.Nd5 cxd5 26.cxd5 Qe8 27.dxe6 Rxe6 28.Qf3 Rf6 29.Qe3 Re6
30.Qf3 Rf6 31.Qe3  1/2-1/2

[Event "Kuna Arandu Elite"]
[Site "Luque PAR"]
[Date "2012.06.06"]
[Round "2"]
[White "Lujan,C"]
[Black "Sanchez Castillo,S"]
[Result "1/2-1/2"]
[WhiteElo "2367"]
[BlackElo "2234"]

1.Nf3 d5 2.c4 e6 3.e3 Nf6 4.Nc3 c6 5.Qc2 Nbd7 6.b3 Bd6 7.Bb2 O-O 8.Rg1 e5
9.cxd5 cxd5 10.g4 d4 11.Nb5 dxe3 12.Nxd6 exf2+ 13.Kxf2 Qb6+ 14.d4 Qxd6 15.dxe5 Qc5+
16.Qxc5 Ne4+ 17.Ke3 Nexc5 18.Ba3 b6 19.Bb5 Rd8 20.b4 Ba6 21.Bxa6 Nxa6 22.Rgd1 b5
23.Rd3 Nb6 24.Rad1 Nc4+ 25.Ke4 Re8 26.g5 Nb8 27.Rb3 Nc6 28.Bb2 Rad8 29.Rd5 a6
30.Bc3 Rxd5 31.Kxd5 Ne7+ 32.Ke4 Ng6 33.Rb1 f6 34.gxf6 gxf6 35.Kf5 fxe5 36.Ng5 e4
37.Re1 e3 38.Ne4 Nh4+ 39.Kf4 Ng2+ 40.Kg3 Rxe4 41.Kxg2 Rf4 42.Re2 Kf7 43.Kg3 Rf1
44.Bd4 Rb1 45.Bc5 Ke6 46.Bxe3 Nxe3 47.Rxe3+ Kd5 48.Ra3 Rxb4 49.Rxa6 Ra4 50.Rxa4 bxa4
51.Kg4 Kc4 52.Kh5 Kb4 53.Kh6 Ka3 54.Kxh7 Kxa2 55.h4 Kb3 56.h5 a3 57.h6 a2
58.Kg8 a1=Q 59.h7  1/2-1/2

[Event "Mitropa Cup 2012"]
[Site "Sibenik CRO"]
[Date "2012.06.06"]
[Round "7"]
[White "Cvek,R"]
[Black "Bosiocic,Mari"]
[Result "1/2-1/2"]
[WhiteElo "2563"]
[BlackElo "2555"]

1.Nf3 d5 2.c4 c6 3.e3 Nf6 4.Nc3 e6 5.b3 Nbd7 6.Qc2 a6 7.d4 Bd6 8.Bb2 O-O
9.Be2 e5 10.cxd5 cxd5 11.dxe5 Nxe5 12.O-O Bg4 13.Nxe5 Bxe5 14.Bxg4 Nxg4 15.h3 Nf6
16.Rac1 Rc8 17.Qf5 Re8 18.Na4 Bxb2 19.Nxb2 d4 20.Rxc8 Qxc8 21.Qxc8 Rxc8 22.exd4 Rc2
23.Nd3 Rxa2 24.Rc1 h6 25.Rc8+ Kh7 26.Rc7 Rd2 27.Nc5 b6 28.Nxa6 Kg6 29.Rc6 b5
30.Rb6 Rd1+ 31.Kh2 Rxd4 32.Rxb5 Rd2 33.Kg1 Rd1+  1/2-1/2

[Event "Mitropa Cup 2012"]
[Site "Sibenik CRO"]
[Date "2012.06.06"]
[Round "7"]
[White "Libiszewski,F"]
[Black "Godena,M"]
[Result "1/2-1/2"]
[WhiteElo "2495"]
[BlackElo "2521"]

1.Nf3 d5 2.c4 dxc4 3.e3 Nf6 4.Bxc4 a6 5.O-O b5 6.Be2 Bb7 7.a4 b4 8.b3 e6
9.Bb2 Nbd7 10.d3 Be7 11.Nbd2 O-O 12.Nc4  1/2-1/2

[Event "4th Rheinland-Pfalz Open 2012"]
[Site "Altenkirchen GER"]
[Date "2012.06.07"]
[Round "1.13"]
[White "Jaracz,P"]
[Black "Schaefers,Serge"]
[Result "1-0"]
[WhiteElo "2514"]
[BlackElo "1782"]

1.Nf3 d5 2.c4 c6 3.e3 Nf6 4.Nc3 Bf5 5.cxd5 Nxd5 6.d4 e6 7.Bc4 Nd7 8.O-O Nxc3
9.bxc3 Be7 10.Bd3 Bg6 11.c4 Nf6 12.Rb1 Qc7 13.Bxg6 hxg6 14.Re1 Ne4 15.Qc2 Ng5
16.Ne5 Bf6 17.f4 Bxe5 18.dxe5 O-O-O 19.fxg5 Qxe5 20.g3 Qxg5 21.e4 Qg4 22.Be3 Rh3
23.Bxa7 Rdh8 24.Re2 Qf3 25.Rg2 Rd8 26.Qb3 Qxb3 27.axb3 Kc7 28.Re2 Rh5 29.e5 Rf5
30.Rf1 Rd3 31.Re3 Rd2 32.Bc5 Rxf1+ 33.Kxf1 Rxh2 34.Rf3 f5 35.exf6 gxf6 36.Rxf6  1-0

[Event "TCh-FRA Top 12 2012"]
[Site "Belfort FRA"]
[Date "2012.06.07"]
[Round "8.4"]
[White "Hauchard,A"]
[Black "Netzer,Je"]
[Result "1-0"]
[WhiteElo "2536"]
[BlackElo "2396"]

1.Nf3 d5 2.c4 e6 3.d4 Nf6 4.Nc3 dxc4 5.Qa4+ c6 6.Qxc4 b5 7.Qd3 Bb7 8.e4 a6
9.Bg5 Nbd7 10.e5 h6 11.Bd2 Nd5 12.Nxd5 cxd5 13.Qe3 Nb6 14.b3 Rc8 15.Bd3 b4
16.O-O Be7 17.h3 Qd7 18.Nh2 a5 19.f4 g6 20.Rac1 Rxc1 21.Rxc1 Bc6 22.Qe2 O-O
23.f5 exf5 24.Bxh6 Rc8 25.g4 Qd8 26.Rf1 Bg5 27.Bxg5 Qxg5 28.Nf3 Qf4 29.gxf5 gxf5
30.e6 Kf8 31.Kh1 Re8 32.Ne5 Qxd4 33.Nxc6  1-0

[Event "4th Rheinland-Pfalz Open 2012"]
[Site "Altenkirchen GER"]
[Date "2012.06.08"]
[Round "3.11"]
[White "Teske,H"]
[Black "Weiler,D"]
[Result "1-0"]
[WhiteElo "2534"]
[BlackElo "2155"]

1.Nf3 d5 2.c4 d4 3.b4 f6 4.e3 e5 5.exd4 e4 6.Nh4 Nh6 7.Nc3 g5 8.Nxe4 gxh4
9.Qe2 Bg7 10.Nxf6+ Kf7 11.Ne4 Re8 12.d3 Bg4 13.f3 Bf5 14.g4 Bxe4 15.fxe4 Nc6
16.d5 Bxa1 17.dxc6 Bc3+ 18.Kd1 Kg7 19.Kc2 Bd4 20.cxb7 Rb8 21.Bg2 Rxb7 22.Rf1 Rb6
23.g5 Nf7 24.Qh5 Ne5 25.Rf6 Ng6 26.Rf5 Rxb4 27.Rd5 Qb8 28.Rxd4 Ra4 29.Rd7+ Re7
30.Rxe7+ Nxe7 31.Qh6+ Kg8 32.Qe6+ Kf8 33.Qf6+ Kg8 34.Bb2 Qf8 35.e5 Qxf6 36.gxf6 Nf5
37.Be4 Ne3+ 38.Kb3 Ra6 39.Bd4 Ng4 40.Bd5+ Kf8 41.Bc5+  1-0

[Event "TCh-NOR Clubs 2012"]
[Site "Fagernes NOR"]
[Date "2012.06.08"]
[Round "1"]
[White "Mottang,H"]
[Black "Lund,T"]
[Result "0-1"]
[WhiteElo "1723"]
[BlackElo "2053"]

1.Nf3 d5 2.c4 e6 3.d4 Nf6 4.Nc3 c6 5.cxd5 exd5 6.Bg5 Nbd7 7.e3 Be7 8.Bd3 O-O
9.O-O Re8 10.Qc2 Nf8 11.h3 Ne4 12.Bxe7 Qxe7 13.Bxe4 dxe4 14.Nd2 f5 15.Rae1 Be6
16.b3 Ng6 17.f3 exf3 18.Nxf3 Rad8 19.e4 Qd7 20.d5 cxd5 21.exd5 Bxd5 22.Rxe8+ Qxe8
23.Nxd5 Rxd5 24.Re1 Qd7 25.Ng5 h6 26.Nf3 Kh7 27.Qe2 Qc7 28.Qe6 Nf4 29.Qe3 Rc5
30.Nd4 Qd6 31.Rf1 Qxd4  0-1

[Event "5th Mayors Cup 2012"]
[Site "Mumbai IND"]
[Date "2012.06.08"]
[Round "3.8"]
[White "Pradeep,KR"]
[Black "Stupak,K"]
[Result "0-1"]
[WhiteElo "2269"]
[BlackElo "2513"]

1.Nf3 d5 2.c4 d4 3.b4 g6 4.g3 Bg7 5.Bb2 a5 6.b5 c5 7.bxc6 Nxc6 8.Bg2 Nf6
9.O-O O-O 10.d3 Nd7 11.Nbd2 Nc5 12.Ba3 Na6 13.Qb3 Re8 14.Ne4 Bf8 15.Rfb1 Nab4
16.Bc1 h6 17.a3 Na6 18.Qb6 f5 19.Ned2 e5 20.Qxd8 Rxd8 21.Rb5 Re8 22.Ne1 Nc5
23.Rb6 e4 24.Kf1 Na4 25.Rb3 Nc3 26.dxe4 a4 27.Rb2 fxe4 28.f3 e3 29.Nb1 Na5
30.Nc2 Bf5 31.g4 Bxc2 32.Nxc3 Nb3 33.Rxb3 axb3 34.Nd5 d3 35.Bb2 d2 36.Nf6+ Kf7
37.Nxe8 Kxe8  0-1

[Event "1st Grand Europe Open"]
[Site "Golden Sands BUL"]
[Date "2012.06.09"]
[Round "6.72"]
[White "Keilhack,H"]
[Black "Nalbantoglu,H"]
[Result "1-0"]
[WhiteElo "2256"]
[BlackElo "2011"]

1.Nf3 d5 2.c4 c6 3.e3 Nf6 4.Nc3 e6 5.b3 Nbd7 6.Bb2 Bd6 7.Qc2 O-O 8.Be2 Qe7
9.d4 Ba3 10.O-O a6 11.Rfc1 Bxb2 12.Qxb2 b5 13.Nd2 Rb8 14.Qc2 e5 15.dxe5 Nxe5
16.cxd5 cxd5 17.Nf3 Bb7 18.Qf5 Rfe8 19.Qxe5 Qxe5 20.Nxe5 Rxe5 21.Bf3 Ree8
22.Rd1 Red8 23.Rd3 b4 24.Ne2 g5 25.g3 Rdc8 26.Rd4 a5 27.h4 h6 28.a3 bxa3
29.Rxa3 Ba8 30.Rda4 Rb5 31.Nd4 Rbc5 32.Rxa5 Rxa5 33.Rxa5 g4 34.Bg2 Rc1+ 35.Kh2 Bb7
36.Rb5 Bc8 37.Rb6 Kg7 38.Rc6 Rxc6 39.Nxc6 Ne4 40.Kg1 Nc3 41.Kf1 Kf6 42.Ke1 Ke6
43.Kd2 Na2 44.Kc2 Bd7 45.Nd4+ Kd6 46.Bf1 Kc5 47.Bd3 Nb4+ 48.Kc3 Na2+ 49.Kb2 Nb4
50.Bb1 Bc8 51.Kc3 h5 52.Nc2 Nc6 53.b4+ Kb6 54.Nd4 Ne5 55.Ba2 Bb7 56.Nf5 Nd7
57.Kd4 Nf6 58.Ke5 Ne4 59.Bxd5 Bxd5 60.Kxd5 Nxf2 61.Ke5 Kb5 62.Kf6 Kxb4 63.Kxf7 Kc4
64.Kg6 Kd5 65.Kxh5 Ke5 66.Kg6 Ne4 67.h5 Nc5 68.h6 Ne6 69.h7 Nf8+ 70.Kg7 Nxh7
71.Kxh7 Kxf5 72.Kh6 Ke4 73.Kg5 Kf3 74.Kh4  1-0

[Event "1st Grand Europe Open"]
[Site "Golden Sands BUL"]
[Date "2012.06.10"]
[Round "7.40"]
[White "Blomqvist,E"]
[Black "Skomorokhin,R"]
[Result "1/2-1/2"]
[WhiteElo "2454"]
[BlackElo "2356"]

1.Nf3 d5 2.c4 dxc4 3.e3 Nf6 4.Bxc4 e6 5.O-O c5 6.Qe2 Nc6 7.Rd1 Be7 8.d4 O-O
9.Nc3 Qc7 10.dxc5 Bxc5 11.a3 e5 12.b4 Bb6 13.h3 e4 14.Nd2 Qe5 15.Nf1 Qg5
16.Ng3 Bc7 17.Ncxe4 Nxe4 18.Nxe4 Qe5 19.Ng3 Qxa1 20.Bb2 Qxd1+ 21.Qxd1 Bxg3
22.fxg3 Be6 23.Bxe6 fxe6 24.Qd7 Rf7 25.Qxe6 a6 26.g4 Rd8 27.g5 Rd2 28.Qc8+ Rd8
29.Qe6 Rd2 30.Bc3 Rd3 31.Bb2 Rd2  1/2-1/2

[Event "1st Grand Europe Open"]
[Site "Golden Sands BUL"]
[Date "2012.06.10"]
[Round "7.70"]
[White "Mintenko,H"]
[Black "Baghdasaryan,V"]
[Result "0-1"]
[WhiteElo "2121"]
[BlackElo "2409"]

1.Nf3 d5 2.c4 c6 3.g3 Bg4 4.Bg2 Nd7 5.d4 e6 6.O-O Ngf6 7.Nbd2 Bd6 8.b3 h5
9.h4 e5 10.dxe5 Nxe5 11.cxd5 cxd5 12.Bb2 Nc6 13.Rc1 O-O 14.Qc2 Rc8 15.Qb1 Re8
16.e3 Ne4 17.Nxe4 dxe4 18.Nd2 f5 19.Nc4 Bf8 20.a4 Be2 21.Rfe1 Bd3 22.Qa1 Na5
23.Nxa5 Qxa5 24.Bd4 Qb4 25.Qb2 Rc2 26.Qa1 Rec8 27.Rxc2 Rxc2 28.Rc1 b6 29.Bh3 g6
30.Bf6 Qxb3 31.Rxc2 Bxc2 32.Qd4 Qe6 33.Bf1 Bd3 34.Bxd3 exd3 35.Qd8 Qd6 36.Kf1 Qc6
37.Kg1 d2 38.Be5 Qc1+  0-1

[Event "1st Grand Europe Open"]
[Site "Golden Sands BUL"]
[Date "2012.06.10"]
[Round "7.14"]
[White "Arnaudov,G"]
[Black "Chatalbashev,B"]
[Result "1/2-1/2"]
[WhiteElo "2477"]
[BlackElo "2575"]

1.Nf3 d5 2.c4 d4 3.b4 f6 4.e3 e5 5.c5 a5 6.Bb5+ c6 7.Bc4 Nh6 8.O-O d3 9.Bb2 Bg4
10.Qb3 axb4 11.a3 Bxc5 12.axb4 Rxa1 13.Bxa1 Bd6 14.b5 Qe7 15.Nc3 e4 16.Nd4 c5
17.Ne6 Bxe6 18.Bxe6 f5 19.g3 Kd8 20.Qd5 Re8 21.Bxf5 Nxf5 22.Qxf5 Nd7 23.f3 exf3
24.Qxd3 Rf8 25.Nd5 Qg5 26.Nf4  1/2-1/2

[Event "1st Grand Europe Open"]
[Site "Golden Sands BUL"]
[Date "2012.06.12"]
[Round "9.12"]
[White "Arnaudov,G"]
[Black "Parligras,M"]
[Result "0-1"]
[WhiteElo "2477"]
[BlackElo "2622"]

1.Nf3 d5 2.c4 e6 3.g3 Nf6 4.b3 d4 5.e3 c5 6.exd4 cxd4 7.Bg2 Nc6 8.O-O Be7
9.Re1 O-O 10.Ne5 Qc7 11.Nxc6 bxc6 12.d3 e5 13.Bg5 Bb4 14.Rf1 Nd7 15.a3 Bd6
16.b4 Re8 17.c5 Bf8 18.g4 Be7 19.Bxe7 Rxe7 20.Nd2 Nf6 21.h3 Nd5 22.Nc4 Nf4
23.Qf3 Nxg2 24.Qxg2 Ba6 25.Rac1 Rf8 26.Qg3 Bxc4 27.Rxc4 f5 28.f3 Qd7 29.Rc2 Qd5
30.Re2 Re6 31.Kg2 h6 32.Rfe1 fxg4 33.hxg4 Ref6 34.Rxe5 Qa2+ 35.R1e2 Qxa3
36.f4 Rxf4 37.Re8 Rf7 38.Rxf8+ Rxf8 39.g5 hxg5 40.Qh3 g4 41.Qxg4 Qxd3 42.Qe6+ Kh7
43.Qe4+ Qxe4+ 44.Rxe4 Rd8 45.Kf2 Rd5 46.Re6 a5 47.bxa5 Rxc5 48.a6 Rc2+ 49.Kf3 c5
50.a7 Ra2  0-1

[Event "16th Voronezh Master Open"]
[Site "Voronezh RUS"]
[Date "2012.06.12"]
[Round "1.46"]
[White "Sheremet,A"]
[Black "Provotorov,I"]
[Result "1/2-1/2"]
[WhiteElo "2113"]
[BlackElo "2386"]

1.Nf3 d5 2.c4 c6 3.cxd5 cxd5 4.d4 Nf6 5.Nc3 a6 6.Bf4 Nc6 7.Rc1 Ne4 8.Nxe4 dxe4
9.d5 e5 10.dxc6 Qxd1+ 11.Kxd1 exf4 12.Nd4 bxc6 13.Nxc6 Be6 14.e3 fxe3 15.fxe3 Bd5
16.Nd4 g6 17.Bc4 Bxc4 18.Rxc4 Bg7 19.Ke2 O-O 20.b3 Rfe8 21.Nc6 Bf6 22.b4 Kg7
23.a4 Bd8 24.Rd1 Bb6 25.Rd7 Rac8 26.a5 Rc7 27.Rxc7 Bxc7 28.Nd4 Bxh2 29.Rc6 Rb8
30.Rb6 Ra8 31.Nb3 Bc7 32.Rc6 Be5 33.Nc5 Bc3 34.Nxa6 Bxb4 35.Nxb4 Rxa5 36.Rc4 f5
37.Rc7+ Kh6 38.Rd7 Ra4 39.Nd5 Ra2+ 40.Kf1 Rb2 41.Nf6 Rb1+ 42.Kf2 Rb2+ 43.Kg3 g5
44.Rd6 f4+ 45.Kh3 Kg6 46.Ng4+ Kg7 47.Rd7+ Kg6 48.Rd6+  1/2-1/2

[Event "ch-FIN 2012"]
[Site "Helsinki FIN"]
[Date "2012.06.13"]
[Round "3"]
[White "Agopov,M"]
[Black "Ebeling,D"]
[Result "1/2-1/2"]
[WhiteElo "2452"]
[BlackElo "2279"]

1.Nf3 d5 2.c4 d4 3.g3 Nc6 4.Bg2 e5 5.O-O Nf6 6.d3 Nd7 7.Na3 Be7 8.Nc2 a5
9.a3 O-O 10.Bd2 Bf6 11.b4 e4 12.dxe4 Nde5 13.Nxe5 Nxe5 14.f4 Nxc4 15.e5 Be7
16.bxa5 c5 17.Be4 Nxd2 18.Qxd2 Qxa5 19.Rfd1 g6 20.Qxa5 Rxa5 21.e3 f6 22.exf6 Bxf6
23.exd4 cxd4 24.Rab1 Re8 25.Bd3 Kg7 26.Kf2 g5 27.fxg5 Bxg5 28.h4 Bf6 29.Re1 Rxe1
30.Kxe1 Be5 31.Kd2 h6 32.Be4 Ra7 33.Rb6 Ra6 34.Rb3 Ra7 35.Rb6 Ra6 36.Rb3  1/2-1/2

[Event "16th Voronezh Master Open"]
[Site "Voronezh RUS"]
[Date "2012.06.14"]
[Round "3.33"]
[White "Kostin,K"]
[Black "Barsamian,E"]
[Result "1/2-1/2"]
[WhiteElo "2337"]
[BlackElo "2258"]

1.Nf3 d5 2.c4 d4 3.b4 f6 4.e3 e5 5.Bb2 dxe3 6.fxe3 Bxb4 7.Nc3 Nh6 8.Qb3 Bd6
9.Be2 c5 10.d4 exd4 11.exd4 O-O 12.O-O-O Qb6 13.Nb5 Na6 14.Nxd6 Qxd6 15.Rd2 Qb6
16.Qb5 Bf5 17.Ba3 Rfc8 18.Re1 Qxb5 19.cxb5 cxd4+ 20.Kb2 d3 21.Bd1 Nc5 22.Re7 b6
23.Nd4 Re8 24.Rc7 Rec8 25.Re7 Kf8 26.Rb7 Kg8 27.Bxc5 Rxc5 28.Bb3+ Kh8 29.Nxf5 Nxf5
30.Rxd3 h5 31.Rd5 Rxd5 32.Bxd5 Rd8 33.Bc6 Rd2+ 34.Kb1 Ne3 35.Rxa7 f5 36.a4 Nc4
37.Kc1 Rf2 38.Bf3 Kh7 39.Rc7 Na5 40.Rc6 Ra2 41.Rxb6 h4 42.Ra6 Nb3+ 43.Kb1 Rf2
44.Bc6 Nc5 45.Ra8 Re2 46.a5 Na4  1/2-1/2

[Event "16th Voronezh Master Open"]
[Site "Voronezh RUS"]
[Date "2012.06.14"]
[Round "3.26"]
[White "Pavlov,S2"]
[Black "Duzhakov,I"]
[Result "0-1"]
[WhiteElo "2460"]
[BlackElo "2324"]

1.Nf3 d5 2.c4 c6 3.d4 e6 4.Bg5 Nf6 5.e3 Qa5+ 6.Nfd2 Ne4 7.Bf4 c5 8.dxc5 Nc6
9.cxd5 exd5 10.Be2 g5 11.Bg3 Bg7 12.O-O Nxg3 13.hxg3 Bxb2 14.Nb3 Qc7 15.N1d2 Bxa1
16.Qxa1 Qe5 17.Nd4 Nxd4 18.exd4 Qf6 19.Bb5+ Kd8 20.Nf3 Bf5 21.Qc1 h6 22.Ne5 h5
23.f3  0-1

[Event "3rd Forni di Sopra Open"]
[Site "Forni di Sopra ITA"]
[Date "2012.06.16"]
[Round "1.25"]
[White "Altini,N"]
[Black "Innocenti,G"]
[Result "1-0"]
[WhiteElo "2288"]
[BlackElo "2021"]

1.Nf3 d5 2.c4 c6 3.d4 Nf6 4.Nc3 dxc4 5.a4 Bf5 6.e3 e6 7.Bxc4 Bb4 8.O-O O-O
9.Qe2 Nbd7 10.e4 Bg6 11.Bd3 Bh5 12.e5 Nd5 13.Nxd5 cxd5 14.Qe3 Be7 15.Ng5 Bxg5
16.Qxg5 Qxg5 17.Bxg5 Nb8 18.a5 a6 19.Be7 Rc8 20.Rfc1 Nc6 21.Bc5 Bg6 22.Be2 f6
23.Bg4 Kf7 24.f4 Be4 25.Rc3 f5 26.Be2 g6 27.b4 h6 28.Rac1 Ke8 29.Bb6 Kd7
30.b5 axb5 31.Bxb5 g5 32.a6 Rxa6 33.Rxc6 Rxc6 34.Rxc6 bxc6 35.Bxa6 gxf4 36.Kf2 h5
37.h4 f3 38.gxf3 Bc2 39.f4 Bd1 40.Be2 Bxe2 41.Kxe2 Kc8 42.Kd3 Kb7 43.Bc5 Ka6
44.Kc3 Ka5 45.Kb3 Kb5 46.Bb4 Kb6 47.Ka4 Ka6 48.Bc5  1-0